Online or in person? Corporate Approach in Digitalisation and Future Trends of the Fairs and Conference Market

Bibliográfiai részletek
Szerzők: Galambos Judit Zsuzsanna
Horváth Vanda
Dokumentumtípus: Könyv része
Megjelent: Budapesti Gazdaságtudományi Egyetem Budapest 2026
Sorozat:Futures in the making - Developing and adapting futures in business – BUEB Day of Hungarian Science 2024
Tárgyszavak:
doi:10.29180/978-615-6886-25-5_3

Kulcsszavak:visitor economy
exhibitions and trade fairs
digitalisation
trade promotion
COVID-19
pandemic
Online Access:http://publikaciotar.uni-bge.hu/2619

MARC

LEADER 00000naa a2200000 i 4500
001 publ2619
005 20260313114205.0
008 260313s2026 hu o 000 zxx d
020 |a 978-615-6886-25-5 
024 |a 10.29180/978-615-6886-25-5_3  |2 doi 
040 |a BGE Publikációtár Repozitórium  |b hun 
100 1 |a Galambos Judit Zsuzsanna 
245 1 0 |a Online or in person? Corporate Approach in Digitalisation and Future Trends of the Fairs and Conference Market  |c Galambos Judit Zsuzsanna  |h [elektronikus dokumentum] 
260 |a Budapesti Gazdaságtudományi Egyetem  |b Budapest  |c 2026 
300 |a 1-10 
490 0 |a Futures in the making - Developing and adapting futures in business – BUEB Day of Hungarian Science 2024 
650 4 |a gazdálkodás- és szervezéstudományok 
695 |a visitor economy 
695 |a exhibitions and trade fairs 
695 |a digitalisation 
695 |a trade promotion 
695 |a COVID-19 
695 |a pandemic 
700 1 |a Horváth Vanda  |e aut 
856 4 0 |u https://publikaciotar.uni-bge.hu/id/eprint/2619/1/MTU%202024%20-%20Full%20edition%20proofread_CorrBM_2026.02.26_3.pdf  |z Dokumentum-elérés